Darts Premier League 2024 - Statistiken

Allgemein
  • Dieses Quiz wurde 611 mal gespielt
  • Das Durchschnittsergebnis liegt bei 7 aus 8
Antwortstatistiken
Nationalität Spieler % Korrekt
Niederlande Michael van Gerwen
99%
England Luke Littler
98%
Wales Gerwyn Price
96%
England Luke Humphries
96%
Schottland Peter Wright
95%
England Michael Smith
90%
England Rob Cross
84%
England Nathan Aspinall
83%
Keine übereinstimmenden Quizze gefunden
Verteilung der Resultate
Anzahl Personen mit jedem Resultat
Perzentil nach korrekt beantworteten Fragen
Ihre Resultats-Entwicklung
Sie haben dieses Quiz noch nicht gespielt